Voyage on the great Titanic : (Record no. 42912)
[ view plain ]
| 000 -LEADER | |
|---|---|
| fixed length control field | 01216pam a2200373 a 4500 |
| 001 - CONTROL NUMBER | |
| control field | 2615775 |
| 003 - CONTROL NUMBER IDENTIFIER | |
| control field | OSt |
| 005 - DATE AND TIME OF LATEST TRANSACTION | |
| control field | 20140407102826.0 |
| 008 - FIXED-LENGTH DATA ELEMENTS--GENERAL INFORMATION | |
| fixed length control field | 980611s1998 nyu c 000 1 eng |
| 010 ## - LIBRARY OF CONGRESS CONTROL NUMBER | |
| LC control number | 98027501 |
| 020 ## - INTERNATIONAL STANDARD BOOK NUMBER | |
| International Standard Book Number | 0439603765 |
| 040 ## - CATALOGING SOURCE | |
| Original cataloging agency | DLC |
| Transcribing agency | DLC |
| Modifying agency | DLC |
| 042 ## - AUTHENTICATION CODE | |
| Authentication code | lcac |
| 050 00 - LIBRARY OF CONGRESS CALL NUMBER | |
| Classification number | PZ 7 |
| Item number | .W58274Vo 1998 |
| 100 1# - MAIN ENTRY--PERSONAL NAME | |
| Personal name | White, Ellen Emerson. |
| 9 (RLIN) | 18938 |
| 245 10 - TITLE STATEMENT | |
| Title | Voyage on the great Titanic : |
| Remainder of title | the diary of Margaret Ann Brady, R.M.S. Titanic, 1912 / |
| Statement of responsibility, etc | by Ellen Emerson White. |
| 260 ## - PUBLICATION, DISTRIBUTION, ETC. (IMPRINT) | |
| Place of publication, distribution, etc | New York : |
| Name of publisher, distributor, etc | Scholastic, |
| Date of publication, distribution, etc | 1998. |
| 300 ## - PHYSICAL DESCRIPTION | |
| Extent | 197 p. ; |
| Dimensions | 19 cm. |
| 440 #0 - SERIES STATEMENT/ADDED ENTRY--TITLE | |
| Title | Dear America |
| 9 (RLIN) | 6041 |
| 521 ## - TARGET AUDIENCE NOTE | |
| Target audience note | |
| 526 ## - STUDY PROGRAM INFORMATION NOTE | |
| Reading level | 1010 |
| 610 20 - SUBJECT ADDED ENTRY--CORPORATE NAME | |
| Corporate name or jurisdiction name as entry element | Titanic (Steamship) |
| General subdivision | Juvenile fiction. |
| 9 (RLIN) | 27035 |
| 610 21 - SUBJECT ADDED ENTRY--CORPORATE NAME | |
| Corporate name or jurisdiction name as entry element | Titanic (Steamship) |
| General subdivision | Fiction. |
| 9 (RLIN) | 27036 |
| 650 #1 - SUBJECT ADDED ENTRY--TOPICAL TERM | |
| Topical term or geographic name as entry element | Shipwrecks |
| General subdivision | Fiction. |
| 9 (RLIN) | 27037 |
| 650 #1 - SUBJECT ADDED ENTRY--TOPICAL TERM | |
| Topical term or geographic name as entry element | Ocean liners |
| General subdivision | Fiction. |
| 9 (RLIN) | 27038 |
| 650 #1 - SUBJECT ADDED ENTRY--TOPICAL TERM | |
| Topical term or geographic name as entry element | Orphans |
| General subdivision | Fiction. |
| 9 (RLIN) | 27039 |
| 650 #1 - SUBJECT ADDED ENTRY--TOPICAL TERM | |
| Topical term or geographic name as entry element | Diaries |
| General subdivision | Fiction. |
| 9 (RLIN) | 27040 |
| 651 #1 - SUBJECT ADDED ENTRY--GEOGRAPHIC NAME | |
| Geographic name | London (England) |
| General subdivision | Fiction. |
| 9 (RLIN) | 27041 |
| 906 ## - LOCAL DATA ELEMENT F, LDF (RLIN) | |
| a | 7 |
| b | cbc |
| c | orignew |
| d | 1 |
| e | ocip |
| f | 19 |
| g | y-gencatlg |
| 942 ## - ADDED ENTRY ELEMENTS (KOHA) | |
| Source of classification or shelving scheme | Library of Congress Classification |
| Koha item type | Books |
| Withdrawn status | Lost status | Source of classification or shelving scheme | Damaged status | Home library | Current library | Shelving location | Date acquired | Total Checkouts | Full call number | Barcode | Date last seen | Copy number | Price effective from | Koha item type |
|---|---|---|---|---|---|---|---|---|---|---|---|---|---|---|
| Library of Congress Classification | Munich Library | Munich Library | Scholastic Reading Center Section | 03/10/2014 | PZ 7 .W58274Vo 1998 | MS3192 | 03/10/2014 | 1 | 03/10/2014 | Books | ||||
| Library of Congress Classification | Munich Library | Munich Library | Scholastic Reading Center Section | 03/15/2014 | PZ 7 .W58274Vo 1998 | MS0942 | 03/15/2014 | 2 | 03/15/2014 | Books |